Statystyki dla Kraje najbliższe Jordanii

Kliknij tutaj aby rozwiązać quiz!

Ogólne statystyki

  • Ten quiz został rozwiązany 259 razy
  • Średni wynik to 16 z 21

Statystyki odpowiedzi

kmkraj% Poprawnych
0Izrael
97%
0Arabia
Saudyjska
96%
0Irak
95%
7Egipt
94%
601Iran
94%
342Turcja
92%
0Syria
90%
45Liban
84%
937Gruzja
81%
887Armenia
80%
868Azerbejdżan
77%
291Cypr
77%
673Grecja
75%
971Libia
74%
776Kuwejt
72%
802Sudan
67%
1122Rosja
63%
0Palestyna
59%
1269Bahrajn
53%
1233Bułgaria
46%
1269Erytrea
43%

Rozkład punktacji

Percentyl według liczby udzielonych odpowiedzi

Procent ludzi z każdym wynikiem

Twoja historia wyników

Nie rozwiązałeś tego quizu